Ageing and elder abuse: A study in Kerala (Record no. 32080)

MARC details
000 -LEADER
fixed length control field 00467nam a2200169Ia 4500
008 - FIXED-LENGTH DATA ELEMENTS--GENERAL INFORMATION
fixed length control field 230917s9999||||xx |||||||||||||| ||und||
020 ## - ISBN
Price RS445
040 ## - CATALOGING SOURCE
-- 256671
Original cataloging agency VIVEKANANDA LIBRARY
041 ## - Language
-- English
082 ## - DDC NUMBER
Classification number 362.682095483 S21A
100 ## - MAIN ENTRY--PERSONAL NAME
Personal name Sebastian, Daliya
245 #0 - TITLE STATEMENT
Title Ageing and elder abuse: A study in Kerala
260 ## - PUBLICATION, DISTRIBUTION, ETC. (IMPRINT)
Place of publication, distribution, etc Jaipur
Name of publisher, distributor, etc Rawat Publications
Date of publication, distribution, etc 2013
300 ## - PHYSICAL DESCRIPTION
Pages 199 p.
500 ## - GENERAL NOTE
General note 3556 25/07/2019 HBD19/7921 07/08/2019 Main Budget
942 ## - ADDED ENTRY ELEMENTS (KOHA)
Koha item type Books
Holdings
Withdrawn status Lost status Damaged status Not for loan Location (home branch) Sublocation or collection (holding branch) Date acquired Koha issues (times borrowed) Koha full call number Accession No. Koha date last seen Koha item type
        VIVEKANANDA LIBRARY VIVEKANANDA LIBRARY 15/10/2019   362.682095483 S21A 384612 17/09/2023 Books
© Designed and Maintained by Vivekananda Library, MDU Rohtak